<?xml version="1.0" encoding="UTF-8"?>
<record
    xmlns:xsi="http://www.w3.org/2001/XMLSchema-instance"
    xsi:schemaLocation="http://www.loc.gov/MARC21/slim http://www.loc.gov/standards/marcxml/schema/MARC21slim.xsd"
    xmlns="http://www.loc.gov/MARC21/slim">

  <leader>01385nam a22002777a 4500</leader>
  <datafield tag="999" ind1=" " ind2=" ">
    <subfield code="c">119255</subfield>
    <subfield code="d">119255</subfield>
  </datafield>
  <controlfield tag="003">dpl</controlfield>
  <controlfield tag="005">20190226133529.0</controlfield>
  <controlfield tag="008">190226b           ||||| |||| 00| 0 eng d</controlfield>
  <datafield tag="010" ind1=" " ind2=" ">
    <subfield code="a">B-068694</subfield>
  </datafield>
  <datafield tag="020" ind1=" " ind2=" ">
    <subfield code="c">300.00</subfield>
    <subfield code="a">8173914877</subfield>
  </datafield>
  <datafield tag="035" ind1=" " ind2=" ">
    <subfield code="a">B-068694, B-068698, B-211646</subfield>
  </datafield>
  <datafield tag="037" ind1=" " ind2=" ">
    <subfield code="b">Cen Lib/Ret</subfield>
  </datafield>
  <datafield tag="040" ind1=" " ind2=" ">
    <subfield code="a">DPL</subfield>
    <subfield code="b">HN</subfield>
    <subfield code="c">0</subfield>
  </datafield>
  <datafield tag="082" ind1=" " ind2=" ">
    <subfield code="a">780.92</subfield>
    <subfield code="b">&#x928;&#x941;&#x92A;&#x941;&#x930; </subfield>
  </datafield>
  <datafield tag="100" ind1=" " ind2=" ">
    <subfield code="a">&#x928;&#x941;&#x92A;&#x941;&#x930; &#x930;&#x93E;&#x92F;&#x91A;&#x94C;&#x927;&#x930;&#x940; </subfield>
    <subfield code="9">84036</subfield>
  </datafield>
  <datafield tag="245" ind1=" " ind2=" ">
    <subfield code="a">&#x92C;&#x940;&#x938;&#x935;&#x940;&#x902; &#x936;&#x924;&#x93E;&#x92C;&#x94D;&#x926;&#x940; &#x915;&#x947; &#x92E;&#x939;&#x93E;&#x928; &#x938;&#x902;&#x917;&#x940;&#x924;&#x91C;&#x94D;&#x91E; &#x92A;&#x902;. &#x926;&#x93F;&#x932;&#x940;&#x92A;&#x91A;&#x928;&#x94D;&#x926;&#x94D;&#x930; &#x935;&#x947;&#x926;&#x940; /</subfield>
    <subfield code="c">&#x928;&#x941;&#x92A;&#x941;&#x930; &#x930;&#x93E;&#x92F;&#x91A;&#x94C;&#x927;&#x930;&#x940; </subfield>
  </datafield>
  <datafield tag="246" ind1=" " ind2=" ">
    <subfield code="a">Beesvin shatabdi ke mahan sangeetgya P. Dilipchndra Vedi /</subfield>
    <subfield code="b">by Nupur Rayechaudhary</subfield>
  </datafield>
  <datafield tag="260" ind1=" " ind2=" ">
    <subfield code="a">&#x928;&#x92F;&#x940; &#x926;&#x93F;&#x932;&#x94D;&#x932;&#x940; </subfield>
    <subfield code="b">&#x915;&#x928;&#x93F;&#x937;&#x94D;&#x915; &#x92A;&#x92C;&#x94D;&#x932;&#x93F;&#x936;&#x947;&#x930;&#x94D;&#x938; </subfield>
    <subfield code="c">2002</subfield>
  </datafield>
  <datafield tag="270" ind1=" " ind2=" ">
    <subfield code="b">&#x928;&#x92F;&#x940; &#x926;&#x93F;&#x932;&#x94D;&#x932;&#x940; </subfield>
    <subfield code="a">4697/5-21 A, &#x905;&#x902;&#x938;&#x93E;&#x930;&#x940; &#x930;&#x94B;&#x921;, &#x926;&#x930;&#x93F;&#x92F;&#x93E;&#x917;&#x902;&#x91C; </subfield>
    <subfield code="e">110002</subfield>
  </datafield>
  <datafield tag="300" ind1=" " ind2=" ">
    <subfield code="a">vii,144&#x92A;&#x943;.</subfield>
    <subfield code="c">19&#x938;&#x947;&#x92E;&#x940;(&#x938;&#x91C;&#x93F;&#x932;&#x94D;&#x926; ) </subfield>
  </datafield>
  <datafield tag="650" ind1=" " ind2=" ">
    <subfield code="a">&#x935;&#x947;&#x926;&#x940;,  &#x926;&#x93F;&#x932;&#x940;&#x92A;&#x91A;&#x928;&#x94D;&#x926;&#x94D;&#x930;, - 1901</subfield>
    <subfield code="x"> </subfield>
    <subfield code="z"> </subfield>
    <subfield code="9">84037</subfield>
  </datafield>
  <datafield tag="650" ind1=" " ind2=" ">
    <subfield code="a">&#x938;&#x902;&#x917;&#x940;&#x924;&#x915;&#x93E;&#x930; - &#x92D;&#x93E;&#x930;&#x924; - &#x91C;&#x940;&#x935;&#x928;&#x940;&#x964;</subfield>
    <subfield code="9">4897</subfield>
  </datafield>
  <datafield tag="650" ind1=" " ind2=" ">
    <subfield code="a">Ved&#x12B;, Dil&#x12B;pacandra, -- 1901-</subfield>
    <subfield code="9">84038</subfield>
  </datafield>
  <datafield tag="650" ind1=" " ind2=" ">
    <subfield code="a"> Musicians -- India -- Biography.     Musicians.</subfield>
    <subfield code="9">84039</subfield>
  </datafield>
  <datafield tag="942" ind1=" " ind2=" ">
    <subfield code="2">ddc</subfield>
    <subfield code="c">HN</subfield>
    <subfield code="h">780.92</subfield>
    <subfield code="m">&#x928;&#x941;&#x92A;&#x941;&#x930; </subfield>
  </datafield>
  <datafield tag="952" ind1=" " ind2=" ">
    <subfield code="0">0</subfield>
    <subfield code="1">0</subfield>
    <subfield code="4">0</subfield>
    <subfield code="7">0</subfield>
    <subfield code="a">L</subfield>
    <subfield code="b">L</subfield>
    <subfield code="d">2015-09-16</subfield>
    <subfield code="e">Cen Lib/Ref</subfield>
    <subfield code="g">300.00</subfield>
    <subfield code="l">0</subfield>
    <subfield code="o">780.92 &#x928;&#x941;&#x92A;&#x941;&#x930;</subfield>
    <subfield code="p">B-068694</subfield>
    <subfield code="r">2015-09-16 00:00:00</subfield>
    <subfield code="t">1</subfield>
    <subfield code="v">300.00</subfield>
    <subfield code="w">2015-09-16</subfield>
    <subfield code="y">HN</subfield>
  </datafield>
  <datafield tag="952" ind1=" " ind2=" ">
    <subfield code="0">0</subfield>
    <subfield code="1">0</subfield>
    <subfield code="2">ddc</subfield>
    <subfield code="4">0</subfield>
    <subfield code="7">0</subfield>
    <subfield code="8">NFIC</subfield>
    <subfield code="a">BL4</subfield>
    <subfield code="b">BL4</subfield>
    <subfield code="d">2019-02-26</subfield>
    <subfield code="e">BPPD/PUB</subfield>
    <subfield code="g">0.00</subfield>
    <subfield code="l">0</subfield>
    <subfield code="o">780.92 &#x928;&#x941;&#x92A;&#x941;&#x930;</subfield>
    <subfield code="p">B-068698</subfield>
    <subfield code="r">2019-02-26 00:00:00</subfield>
    <subfield code="v">0.00</subfield>
    <subfield code="w">2019-02-26</subfield>
    <subfield code="y">HN</subfield>
  </datafield>
  <datafield tag="952" ind1=" " ind2=" ">
    <subfield code="0">0</subfield>
    <subfield code="1">0</subfield>
    <subfield code="2">ddc</subfield>
    <subfield code="4">0</subfield>
    <subfield code="7">0</subfield>
    <subfield code="8">NFIC</subfield>
    <subfield code="a">BL4</subfield>
    <subfield code="b">BL4</subfield>
    <subfield code="d">2019-02-26</subfield>
    <subfield code="e">BPPD/PUB</subfield>
    <subfield code="g">0.00</subfield>
    <subfield code="l">0</subfield>
    <subfield code="o">780.92 &#x928;&#x941;&#x92A;&#x941;&#x930;</subfield>
    <subfield code="p">B-211646</subfield>
    <subfield code="r">2019-02-26 00:00:00</subfield>
    <subfield code="v">0.00</subfield>
    <subfield code="w">2019-02-26</subfield>
    <subfield code="y">HN</subfield>
  </datafield>
</record>
